Plnenie rozpočtu obce k 31.12.2016

Podrobná bibliografia
Médium: Článok
Jazyk:slovenčina
Fyzický popis:Tab.
ISSN:1338-7618
Predmet:
On-line prístup:https://www.smizany.sk/smiziansky-hlasnik.html

MARC

LEADER 00000nab a2200000 ar4500
001 vtls011779961
003 SK-MaSNL
005 20260305040225.0
008 180919c20170304xo mr|p|||||||000 b|slo
038 |a SNSK 
040 |a SNSK  |b slo  |e rda  |c SK 
041 |a slo 
043 |a e-xo- - - 
044 |a xo  |c SK 
080 |a 352  |2 2011 
080 |a 336.14  |x " 2016"  |2 2011 
245 0 0 |a Plnenie rozpočtu obce k 31.12.2016  |c [autor] finančné oddelenie OCÚ 
300 |b Tab. 
610 1 7 |a Smižany (Slovensko).  |b Obecný úrad  |2 snsk  |9 181756 
648 7 |a 2016  |2 snsk  |9 339798 
650 0 7 |a rozpočet obce  |2 snsk  |9 421597 
650 0 7 |a príjmy  |2 snsk  |9 2317 
650 0 7 |a výdavky  |2 snsk  |9 13905 
651 7 |a Smižany (Slovensko)  |2 snsk  |9 29314 
651 7 |a Spišská Nová Ves (Slovensko : okres)  |2 snsk  |9 22259 
773 0 |t Smižiansky hlásnik : mesačník pre obyvateľov a priateľov Smižian  |g Roč. XVI, č. 3 (4. marec 2017), s. 6  |x 1338-7618 
852 |a SNSK  |b KIS3GCP 
856 4 1 |u https://www.smizany.sk/smiziansky-hlasnik.html 
999 |c 3337340  |d 3339270